Statistics for Назови все страны мира

Click here to take the quiz!

General Stats

  • This quiz has been taken 303 645 times
  • The average score is 85 of 196

Answers on the Map

Answers color-coded by a green-red scale on the quiz's map according to % correct below.
 

Answer Stats

Country% Correct
Россия
97%
Китай
94%
Украина
94%
Соединённые Штаты
Америки
93%
Казахстан
92%
Франция
91%
Германия
90%
Канада
90%
Япония
90%
Италия
89%
Беларусь
88%
Польша
87%
Австралия
86%
Турция
86%
Испания
86%
Бразилия
86%
Северная Корея
85%
Швеция
84%
Индия
84%
Южная Корея
84%
Великобритания
83%
Мексика
81%
Монголия
81%
Египет
80%
Швейцария
80%
Норвегия
78%
Латвия
78%
Литва
78%
Финляндия
77%
Аргентина
76%
Португалия
75%
Греция
75%
Иран
74%
Австрия
74%
Дания
72%
Эстония
72%
Ирак
72%
Чехия
72%
Нигер
71%
Узбекистан
70%
Румыния
70%
Ирландия
69%
Молдавия
69%
Армения
69%
Словакия
68%
Чили
68%
Грузия
67%
Мадагаскар
67%
Исландия
66%
Азербайджан
65%
Бельгия
64%
Нидерланды
64%
Пакистан
63%
Болгария
62%
Таджикистан
61%
Алжир
61%
Израиль
60%
Индонезия
60%
Афганистан
60%
Сербия
60%
Венгрия
59%
Саудовская Аравия
59%
Объединённые
Арабские Эмираты
59%
Нигерия
58%
Туркмения
58%
Новая Зеландия
58%
Хорватия
58%
Словения
57%
Кипр
56%
Куба
55%
Перу
55%
Вьетнам
54%
Южно-Африканская
Республика
54%
Албания
53%
Сирия
53%
Марокко
53%
Колумбия
51%
Люксембург
51%
Киргизия
51%
Уругвай
49%
Северная Македония
48%
Ватикан
48%
Таиланд
46%
Непал
46%
Филиппины
46%
Венесуэла
45%
Ливия
45%
Черногория
44%
Монако
43%
Тайвань
43%
Сомали
42%
Судан
42%
Боливия
41%
Косово
41%
Тунис
41%
Республика Конго
41%
Демократическая
Республика Конго
41%
Бангладеш
40%
Чад
40%
Катар
40%
Эфиопия
39%
Парагвай
39%
Панама
39%
Ямайка
39%
Оман
39%
Йемен
39%
Шри-Ланка
39%
Малайзия
38%
Эквадор
38%
Босния и
Герцеговина
38%
Мальдивы
35%
Гвинея
35%
Лихтенштейн
34%
Мальта
33%
Ангола
33%
Ливан
33%
Бутан
32%
Гондурас
32%
Лаос
32%
Сингапур
31%
Кения
31%
Папуа — Новая Гвинея
31%
Андорра
31%
Иордания
31%
Зимбабве
31%
Камбоджа
30%
Мали
30%
Доминика
30%
Сан-Марино
29%
Южный Судан
28%
Замбия
27%
Мьянма
27%
Коста-Рика
27%
Уганда
25%
Центральноафриканская
Республика
25%
Гана
24%
Кувейт
24%
Мозамбик
22%
Гватемала
22%
Камерун
21%
Сенегал
21%
Мавритания
21%
Никарагуа
21%
Гаити
21%
Сальвадор
21%
Доминиканская
Республика
21%
Танзания
20%
Ботсвана
20%
Намибия
20%
Бахрейн
20%
Либерия
19%
Суринам
18%
Гайана
18%
Эритрея
18%
Лесото
17%
Белиз
17%
Кот-д’Ивуар
16%
Габон
16%
Багамские острова
16%
Того
16%
Бенин
15%
Сейшельские Острова
15%
Фиджи
15%
Руанда
14%
Бурунди
13%
Джибути
13%
Бруней
13%
Экваториальная Гвинея
13%
Федеративные Штаты
Микронезии
13%
Восточный Тимор
12%
Эсватини
12%
Буркина-Фасо
12%
Барбадос
12%
Палау
11%
Малави
11%
Гамбия
11%
Маврикий
11%
Гвинея-Бисау
10%
Кирибати
9%
Кабо-Верде
9%
Коморские острова
8%
Гренада
8%
Маршалловы Острова
8%
Самоа
8%
Сьерра-Леоне
8%
Соломоновы Острова
8%
Тонга
8%
Науру
8%
Тувалу
8%
Вануату
7%
Тринидад и Тобаго
7%
Сент-Люсия
6%
Антигуа и Барбуда
6%
Сент-Китс и Невис
4%
Сент-Винсент
и Гренадины
4%
Сан-Томе и Принсипе
3%

Score Distribution

Percentile by Number Answered

Percent of People with Each Score

Your Score History

You have not taken this quiz